| 000 | 00578nam a22001817a 4500 | ||
|---|---|---|---|
| 003 | OSt | ||
| 005 | 20150601150942.0 | ||
| 008 | 150601b xxu||||| |||| 00| 0 eng d | ||
| 040 | _c04 | ||
| 082 | _a150 Ad 1973 | ||
| 100 |
_aAd hoc _95110 |
||
| 245 |
_aEthical principles in the conduct of research with Human Participants / _cAd hoc committee on ethical standards in Psychological Research. |
||
| 260 |
_aWashington: _bAmerican Psychological Association, Inc. ; _c1973 |
||
| 300 |
_av, 104 p : _c27 cm. |
||
| 504 | _aI | ||
| 650 |
_aEthical principles _95111 |
||
| 942 |
_2z _cSLOAN |
||
| 999 |
_c1943 _d1943 |
||